000 01581cam a2200229 a 4500
020 _a9780312366339
020 _a0312366337
040 _cDLC
082 0 0 _a796 MAR 2007 A085 Or.
_aB
100 1 _aOrtiz, David,
245 1 0 _aBig Papi :
_bmy story of big dreams and big hits /
250 _a1st ed.
260 _aNew York :
_bSt. Martin's Press,
_c2007.
300 _axxiii, 258 p., [8] p. of plates :
_bcol. ill. ;
_c25 cm.
520 _aOrtiz is a hero to many. Raised in the Dominican Republic, signed by the Seattle Mariners, and released by the Minnesota Twins, David Ortiz landed in baseball-crazy Boston. Generally regarded as an underachiever up to that point in his career, Ortiz blossomed into one of the most feared and adored sluggers in baseball while altering the course of the game's history by helping Boston win its first World Series in eighty-six years, breaking the infamous "Curse of the Bambino." Along the way, Ortiz established his place as a truly Ruthian figure in the annals of our national pastime: an imposing figure in the batter's box, yet an endearing man to the young, particularly in his native Dominican Republic, where he has focused his charitable efforts on improving the health of children.--From publisher description.
650 0 _aBaseball players
700 1 _aMassarotti, Tony.
856 4 2 _uhttp://www.loc.gov/catdir/enhancements/fy0714/2007010172-b.html
856 4 2 _uhttp://www.loc.gov/catdir/enhancements/fy0714/2007010172-d.html
856 4 1 _uhttp://www.loc.gov/catdir/enhancements/fy0714/2007010172-s.html
942 _cEK
999 _c13135
_d13135